| 000 | 00668nam a2200241 4500 | ||
|---|---|---|---|
| 001 | 32080 | ||
| 010 | _a9789724750491 | ||
| 021 |
_aPT _b398770/15 |
||
| 090 | _a32080 | ||
| 100 | _a20160315d2016 b y0pory50030103ba | ||
| 101 | 1 | _apor | |
| 102 | _aPT | ||
| 200 | 1 |
_aPrimeiras palavras _fDawn Sirett |
|
| 205 | _a1ยช ed. | ||
| 210 |
_aLisboa _cTexto _d2016 |
||
| 215 |
_a[14] p. cartonadas _cil. _d13 x 13 cm |
||
| 225 | 2 | _aSophie la girafe | |
| 675 |
_a087.5 _92104 |
||
| 700 |
_aSirett _bDawn _4070 _93635 |
||
| 712 |
_93396 _aTexto Editores _4730 |
||
| 801 | 0 |
_aPT _bBN _gRPC |
|
| 856 | 4 | 1 | _uhttp://rnod.bn.pt/ImagesBN/winlibimg.aspx?skey=&doc=1925238&img=74212&save=true |
| 990 | _cLIVROS | ||